000 00878nam#a2200289#c#4500
999 _c152221
_d152221
003 IEF
005 20260429134917.0
007 ta
008 941205t2025 fr fr |00||u|fre |u
020 _a978-2-406-17905-4 (livre broché)
040 _aES-MaIEF
_bspa
_cES-MaIEF
100 1 _aRigaudière, Albert
_937493
245 1 0 _aIdentité, tradition, innovation dans les villes du Massif Central
_b(XIIIe-XVe siècle)
_c Albert Rigaudière
260 _aParis
_bClassiques Garnier
_c2025
300 _a1083 p.
_c22 cm
490 _aBibliothèque d'histoire médiévale ;
_v41
650 4 _aHISTORIA ECONOMICA
_945401
650 4 _aPOLITICA
_948047
650 4 _aCIUDADANOS
_935295
650 4 _aIMPUESTOS
_947460
650 4 _aFRANCIA
_944475
650 4 _aSIGLO XIII
_948413
650 4 _aSIGLO XIV
_948414
650 4 _aSIGLO XV
_948416
942 _cLIB